Tamares (Vincent Square) Ltd v. Fairpoint Properties (Vincent Square) Ltd (Record no. 78171)

MARC details
000 -LEADER
fixed length control field 01458cab a2200205 4500
001 - CONTROL NUMBER
control field L136179
008 - FIXED-LENGTH DATA ELEMENTS--GENERAL INFORMATION
fixed length control field 070116n2006 000 0 eng u
035 ## - SYSTEM CONTROL NUMBER
System control number (Sirsi) u136179
041 0# - LANGUAGE CODE
Language code of text/sound track or separate title eng
245 00 - TITLE STATEMENT
Title Tamares (Vincent Square) Ltd v. Fairpoint Properties (Vincent Square) Ltd
260 ## - PUBLICATION, DISTRIBUTION, ETC.
Date of publication, distribution, etc. 2006
490 #0 - SERIES STATEMENT
Series statement Estates Gazette
Volume/sequential designation [2006] 41 EG 226
520 ## - SUMMARY, ETC.
Summary, etc. ChD, 4 September 2006. The claimant owned an office building and contended that it was affected by the development of an adjoining property in terms of access to light. Two entrance lobby windows which had been boarded up for 20 years were included as well as two basement windows which illuminated a stairwell. "Held": it was decided that the interference with light to the two basement windows was an actionable nuisance but that the boarding up of the two entrance lobby windows meant that no right to light had been acquired to them. Damages were awarded but not the grant of a mandatory injunction. Applying the rule in "Shelfer v City of London Electric Lighting Co Ltd" (No 1) [1895] 1 Ch 287, the injury was small and could be estimated in, and compensated by, a monetary payment.
590 ## - LOCAL NOTE (RLIN)
Local note KA
650 24 - SUBJECT ADDED ENTRY--TOPICAL TERM
Topical term or geographic name entry element SHELFER V CITY OF LONDON ELECTRIC LIGHTING CO LTD 1895
650 24 - SUBJECT ADDED ENTRY--TOPICAL TERM
Topical term or geographic name entry element TAMARES (VINCENT SQUARE) LTD V FAIRPOINT PROPERTIES (VINCENT SQUARE) LTD
651 #4 - SUBJECT ADDED ENTRY--GEOGRAPHIC NAME
Geographic name England
Chronological subdivision 886-
690 ## - LOCAL SUBJECT ADDED ENTRY--TOPICAL TERM (OCLC, RLIN)
Topical term or geographic name as entry element PROPERTY-PROPERTY MANAGEMENT-EASEMENTS-RIGHTS TO LIGHT DETERMINATION
942 ## - ADDED ENTRY ELEMENTS (KOHA)
Suppress in OPAC 0
Holdings
Withdrawn status Lost status Source of classification or shelving scheme Damaged status Not for loan Home library Current library Shelving location Date acquired Total Checkouts Full call number Barcode Date last seen Copy number Price effective from Koha item type
    Dewey Decimal Classification     London London Journal article 16/01/2007   L136179 136179-1001 06/08/2019 1 06/08/2019 Journal article